Della civile giurisdizione ed influenza sul governo temporale esercitata dai romani pontefici incominiciando dall' imperio di Costantino sino alla donazione di Pippino re dei Franchi / opera postuma del canonico D. Alfonso Muzzarelli

Detalles Bibliográficos
Autor principal: Muzzarelli, Alfonso, conde de
Formato: Libro
Lenguaje:Undetermined
Italian
Publicado: Roma : presso Bernardino Olivieri, 1816.
Materias:
Colección:Banco de datos
Acervo:Biblioteca Palafoxiana. Colección bibliográfica
Descripción Física:252 p. ; 4°
Tema general:Historia eclesiástica
Notas:Sello en tinta: Biblioteca Pública del Estado. Número de localización: 813
LEADER 00767nam a2200169Ia 4500
008 150723s9999 xx 000 0 und d
041 0 |a ita 
050 0 |a PAFX BR145 M8 
100 1 |a Muzzarelli, Alfonso, conde de 
245 1 0 |a Della civile giurisdizione ed influenza sul governo temporale esercitata dai romani pontefici incominiciando dall' imperio di Costantino sino alla donazione di Pippino re dei Franchi / opera postuma del canonico D. Alfonso Muzzarelli 
260 |a Roma : presso Bernardino Olivieri, 1816. 
300 |a 252 p. ; 4° 
500 |a Sello en tinta: Biblioteca Pública del Estado. Número de localización: 813 
650 1 0 |a Historia eclesiástica 
942 |c PALALIB 
943 |g Biblioteca Palafoxiana. Colección bibliográfica 
999 |c 1052684  |d 1052684